[Event "IRI-ch U18 Girls"]
[Site "Chess.com INT"]
[Date "2021.01.16"]
[Round "6"]
[White "Motavasel, Mobina"]
[Black "Talaneh, Motahareh"]
[Result "0-1"]
[WhiteElo "1139"]
[BlackElo "1618"]
[PlyCount "76"]
[EventDate "2021.01.16"]
[EventType "swiss"]
[EventRounds "9"]
[EventCountry "IRI"]
[SourceTitle "CBM 200 Extra"]
[Source "ChessBase"]
[SourceDate "2021.03.31"]
[SourceVersion "1"]
[SourceVersionDate "2021.03.31"]
[SourceQuality "1"]

1. d4 e6 2. Nf3 Nf6 3. Bf4 g6 4. h3 Bg7 5. e3 0-0 6. Nbd2 b6 7. Be2 Bb7 8. 0-0 d6 9. Bh2 Nbd7 10. Re1 Re8 11. Rc1 e5 12. dxe5 Nxe5 13. Nc4 Nfd7 14. c3 Qe7 15. Nd4 Nc5 16. Nxe5 dxe5 17. Nf3 Rad8 18. Qc2 Be4 19. Bd3 Bxd3 20. Qd1 Bf5 21. Nd2 Nd3 22. a3 Nxb2 23. Qe2 Nd3 24. Red1 Nxc1 25. Rxc1 Qxa3 26. Rd1 Bc2 27. Re1 Qxc3 28. Qf3 Qxd2 29. Rf1 Bd3 30. Rd1 Qc2 31. Re1 Be2 32. Qb7 Rd1 33. Bg3 Rxe1+ 34. Kh2 Qc1 35. Bh4 e4 36. Qxa7 Be5+ 37. f4 Rh1+ 38. Kg3 Qxe3# 0-1

[Event "IRI-ch U18 Girls"]
[Site "Chess.com INT"]
[Date "2021.01.16"]
[Round "9"]
[White "Talaneh, Motahareh"]
[Black "Ahmadi, Seyedeh Malihe"]
[Result "1-0"]
[WhiteElo "1618"]
[BlackElo "1617"]
[PlyCount "109"]
[EventDate "2021.01.16"]
[EventType "swiss"]
[EventRounds "9"]
[EventCountry "IRI"]
[SourceTitle "CBM 200 Extra"]
[Source "ChessBase"]
[SourceDate "2021.03.31"]
[SourceVersion "1"]
[SourceVersionDate "2021.03.31"]
[SourceQuality "1"]

1. e4 e5 2. Bc4 Nc6 3. Nf3 Nf6 4. d3 Bc5 5. 0-0 d6 6. c3 h6 7. h3 a6 8. Bb3 Ba7 9. Nbd2 Ne7 10. Re1 0-0 11. Nf1 Ng6 12. Ng3 c6 13. Nf5 Be6 14. Bc2 Qd7 15. g4 Nh7 16. Rf1 d5 17. Kh2 Rad8 18. Qe1 Nf4 19. Nxe5 Qe8 20. Bxf4 Bb8 21. d4 dxe4 22. Bxe4 Nf6 23. Bc2 c5 24. Bg3 Bd5 25. c4 Be6 26. d5 Bc8 27. Nf3 Bxg3+ 28. Nxg3 Qd7 29. Ne5 Qc7 30. Qe3 Rfe8 31. Rae1 b5 32. b3 Nd7 33. f4 f6 34. Qd3 Nf8 35. Ng6 Nxg6 36. Qxg6 Rxe1 37. Rxe1 Kf8 38. Qe4 Bd7 39. Qf3 Bc8 40. Nf5 bxc4 41. bxc4 Bd7 42. Re7 g6 43. Rh7 gxf5 44. Bxf5 Qd6 45. Rxh6 Kg7 46. Rg6+ Kf7 47. Qe4 Re8 48. Qd3 Qxf4+ 49. Kg2 Re3 50. Be6+ Kf8 51. Rg8+ Ke7 52. Rg7+ Ke8 53. Qg6+ Kd8 54. Rxd7+ Kc8 55. Qg8# 1-0